Hóa lí : Dùng cho sinh viên hóa các trường đại học tổng hợp và sư phạm
Sách bao gồm các nội dung chính: tốc độ phản ứng, các phương trình động học; các thuyết về phẩn ứng cơ bản; phản ứng dây chuyền; quang hóa học; phản ứng trong dung dịch; xác tác đồng thể; động học vĩ mô; và xúc dị thể....
محفوظ في:
| المؤلف الرئيسي: | |
|---|---|
| التنسيق: | كتاب |
| اللغة: | Undetermined |
| منشور في: |
Hà Nội
Giáo Dục
1999
|
| الموضوعات: | |
| الوسوم: |
إضافة وسم
لا توجد وسوم, كن أول من يضع وسما على هذه التسجيلة!
|
| Thư viện lưu trữ: | Trung tâm Học liệu Trường Đại học Cần Thơ |
|---|
| LEADER | 00991nam a2200217Ia 4500 | ||
|---|---|---|---|
| 001 | CTU_39940 | ||
| 008 | 210402s9999 xx 000 0 und d | ||
| 020 | |c 25800 | ||
| 082 | |a 541.3 | ||
| 082 | |b Nh121/T.3 | ||
| 100 | |a Trần, Văn Nhân | ||
| 245 | 0 | |a Hóa lí : | |
| 245 | 0 | |b Dùng cho sinh viên hóa các trường đại học tổng hợp và sư phạm | |
| 245 | 0 | |c Trần Văn Nhân | |
| 260 | |a Hà Nội | ||
| 260 | |b Giáo Dục | ||
| 260 | |c 1999 | ||
| 520 | |a Sách bao gồm các nội dung chính: tốc độ phản ứng, các phương trình động học; các thuyết về phẩn ứng cơ bản; phản ứng dây chuyền; quang hóa học; phản ứng trong dung dịch; xác tác đồng thể; động học vĩ mô; và xúc dị thể. | ||
| 650 | |a Chemistry, physical and theoretical | ||
| 904 | |i Bạch Trúc | ||
| 980 | |a Trung tâm Học liệu Trường Đại học Cần Thơ | ||